| 000 | 00462nam a22001937a 4500 | ||
|---|---|---|---|
| 005 | 20230918112329.0 | ||
| 008 | 230918b |||||||| |||| 00| 0 eng d | ||
| 020 | _a9781292146508 | ||
| 082 |
_a658.8 _bARM-M |
||
| 100 | _aArmstrong gary | ||
| 245 | _aMarketing : an introduction | ||
| 250 | _a13 ed. | ||
| 260 |
_aMalaysia _bPearson _c2017 |
||
| 300 | _a669 | ||
| 500 | _aIncludes Index | ||
| 650 | _aManagement | ||
| 700 | _aGary Armstrong | ||
| 999 |
_c33600 _d33600 |
||